Crónica histórica o llibre dels fets

Na minha lista:
Detalhes bibliográficos
Autor principal: Jaime I, El Conquistador (Author)
Formato: Livro
Idioma:espanhol
Publicado em: Barcelona, España Iberia 1958
Colecção:Obras Maestras
Assuntos:
Tags: Adicionar Tag
Sem tags, seja o primeiro a adicionar uma tag!

MARC

LEADER 00000nam a2200000 a 4500
001 UCO5742
003 CL-VaPUC
005 20200423164954.0
008 000915e19580000SP |||||||||||||||||spa|d
999 |c 291575  |d 291573 
040 |c Pontificia Universidad Católica de Valparaíso 
082 0 4 |a 946.02 JAI 1958  |2 21 
100 0 |a Jaime I, El Conquistador  |e author  |9 450547 
245 1 0 |a Crónica histórica o llibre dels fets 
260 |a Barcelona, España  |b Iberia  |c 1958 
300 |a volúmenes 
490 0 |a Obras Maestras 
583 |a last modification  |c 20000915 00:00:00  |k Rodrigo Vera 
650 7 |a HISTORIA DE ESPAÑA  |2 CL-VaPUC  |9 450548  |y 1213-1276 
650 7 |a CORONA DE ARAGON  |2 CL-VaPUC  |9 450549  |z ESPAÑA  |z ARAGON 
852 |a BIBCUR 
942 |c BK  |2 ddc 
945 |d 20000915 00:00:00  |a crobeson 
952 |0 0  |1 0  |2 ddc  |4 0  |6 946_020000000000000_JAI_1958  |7 0  |8 A  |9 341537  |a BIBART  |b BIBART  |d 2019-11-20  |h v.1  |i 1222090  |o 946.02 JAI 1958  |p 1222090  |r 2025-03-13  |t 1  |w 2019-11-20  |y BK  |k ART 
952 |0 0  |1 0  |2 ddc  |4 0  |6 946_020000000000000_JAI_1958  |7 0  |8 A  |9 341538  |a BIBART  |b BIBART  |d 2019-11-20  |h v.2  |i 1222104  |o 946.02 JAI 1958  |p 1222104  |r 2025-03-13  |t 1  |w 2019-11-20  |y BK  |k ART